000 01108nam0a22002891 4500
001 rc\814402
005 20250622002220.0
035 _a(NLR Aleph) 005997458
090 _a7192766
_c7192766
100 _a20041129d1983 |||y0rusy50 ca
101 0 _arus
102 _aRU
105 _ay |||||||||
200 1 _aБагряный листок тополя
_eСтихи, поэмы
_f[Пер. С.В. Вольский]
210 _aГрозный
_cЧечено-Ингуш. кн. изд-во
_d1983
215 _a111 с.
_d17
327 1 _aСодерж.: Стихи; Поэмы: Медвежонок; Багряный листок тополя
464 0 _12001#$aСтихи
_tСтихи
464 0 _12001#$aМедвежонок
_tМедвежонок
464 0 _12001#$aБагряный листок тополя
_tБагряный листок тополя
700 1 _aШайхиев
_bА.Х.
_f1947-
_gАлвади Хасмагомедович
702 1 _aВольский
_bС.
_4730
801 0 _aRU
_bNLR
_gpsbo
801 1 _aRU
_bELAR
_2rusmarc
852 _aNLR
_j84-2/150
942 _cBOOK
980 _aNB